NFL Teams by Last Playoff Result - Statistics

General Stats
  • This quiz has been taken 200 times
    146 since last reset
  • The average score is 22 of 32
Answer Stats
Last Playoff Result NFL Team % Correct
2025: Lost in Wild Card Round vs San Francisco 49ers 23-19 Philadelphia Eagles
93%
2025: Lost in Divisional Round at Seattle Seahawks 41-6 San Francisco 49ers
89%
2025: Lost in Wild Card Round at New England Patriots 16-3 Los Angeles Chargers
87%
2022: Lost in AFC Championship Game at Kansas City Chiefs 23-20 Cincinnati Bengals
84%
2025: Lost in Divisional Round at Denver Broncos 33-30 Buffalo Bills
81%
2024: Lost in NFC Championship Game at Philadelphia Eagles 55-23 Washington Commanders
78%
2024: Lost in Super Bowl LIX vs Philadelphia Eagles 40-22 Kansas City Chiefs
77%
2023: Lost in Wild Card Round vs Green Bay Packers 48-32 Dallas Cowboys
74%
2025: Lost in Wild Card Round at Chicago Bears 31-27 Green Bay Packers
74%
2025: Lost in AFC Championship Game vs New England Patriots 10-7 Denver Broncos
72%
2023: Lost in Wild Card Round at Kansas City Chiefs 26-7 Miami Dolphins
72%
2023: Lost in Wild Card Round at Houston Texans 45-14 Cleveland Browns
71%
2021: Lost in Wild Card Round at Cincinnati Bengals 26-19 Las Vegas Raiders
71%
2024: Lost in Wild Card Round at Los Angeles Rams 27-9 Minnesota Vikings
71%
2024: Lost in Divisional Round at Buffalo Bills 27-25 Baltimore Ravens
70%
2025: Lost in Wild Card Round vs Houston Texans 30-6 Pittsburgh Steelers
70%
2022: Lost in Divisional Round at Philadelphia Eagles 38-7 New York Giants
69%
2021: Lost in Divisional Round vs Cincinnati Bengals 19-16 Tennessee Titans
69%
2024: Lost in Wild Card Round vs Washington Commanders 23-20 Tampa Bay Buccaneers
66%
2024: Lost in Divisional Round vs Washington Commanders 45-31 Detroit Lions
65%
2025: Lost in NFC Championship Game at Seattle Seahawks 31-27 Los Angeles Rams
65%
2025: Lost in Super Bowl LX vs Seattle Seahawks 29-13 New England Patriots
62%
2025: Lost in Divisional Round vs Los Angeles Rams 20-17 Chicago Bears
61%
2025: Lost in Wild Card Round vs Buffalo Bills 27-24 Jacksonville Jaguars
61%
2020: Lost in Divisional Round vs Tampa Bay Buccaneers 30-20 New Orleans Saints
61%
2025: Lost in Divisional Round at New England Patriots 28-16 Houston Texans
59%
2010: Lost in AFC Championship Game at Pittsburgh Steelers 24-19 New York Jets
58%
2025: Won in Super Bowl LX vs New England Patriots 29-13 Seattle Seahawks
56%
2025: Lost in Wild Card Round vs Los Angeles Rams 34-31 Carolina Panthers
52%
2021: Lost in Wild Card Round at Los Angeles Rams 34-11 Arizona Cardinals
51%
2017: Lost in Divisional Round at Philadelphia Eagles 15-10 Atlanta Falcons
49%
2020: Lost in Wild Card Round at Buffalo Bills 27-24 Indianapolis Colts
49%
No matching quizzes found
Score Distribution
Percent of People with Each Score
Percentile by Number Answered
Your Score History
You have not taken this quiz since the last reset